Biogas plants : design and detail of simple biogas plants

Αποθηκεύτηκε σε:
Λεπτομέρειες βιβλιογραφικής εγγραφής
Κύριος συγγραφέας: Sasse, Ludwig
Συγγραφή απο Οργανισμό/Αρχή: German Appropriate Technology Exchange
Μορφή: Βιβλίο
Γλώσσα:English
Δημοσίευση: Braunschweig : Vieweg, c1984
Θέματα:
Ετικέτες: Προσθήκη ετικέτας
Δεν υπάρχουν, Καταχωρήστε ετικέτα πρώτοι!

MARC

LEADER 00000cam a2200000 i 4500
001 1/103876
008 950523s1984 eng d
020 |a 3-528-02004-0 
035 |l 10013057 
040 |a GR-MY-UA  |b gre  |e aacr 
041 0 |a eng 
082 0 |a 662.8 
100 1 |a Sasse, Ludwig. 
245 1 0 |a Biogas plants :  |b design and detail of simple biogas plants /  |c Ludwig Sasse 
260 |a Braunschweig :   |b Vieweg,   |c c1984 
300 |a 85 p.;  |b ill.;  |c 24 cm 
500 |a "A publication of Deutsches Zentrum fur Entwicklungstechnologien--GATE." 
504 |a Bibliography: p. 78-79. Includes index 
650 0 0 |a Biogas. 
710 2 |a German Appropriate Technology Exchange. 
852 |a INST  |b LESVOS  |e 19950523  |h 662.8 SAS  |p 005100000528  |q 005100000528  |t BK  |y 0 
909 |a Λ  |b 021712